| 000 | 00691nam a2200193 i 4500 | ||
|---|---|---|---|
| 001 | 186038 | ||
| 003 | ES-MaACL | ||
| 005 | 20250730025327.0 | ||
| 008 | 160905s1945 sp |||| | spa d | ||
| 100 | 1 |
_aOrnilla, Enrique. _9160717 |
|
| 245 | 1 | 0 |
_aTalasoterapia : _bcolonias marinas / _cpor Enrique Ornilla. |
| 260 |
_aBilbao : _bImp. Edit. Moderna, _c1945. |
||
| 300 |
_a88 p. : _bil. ; _c23 cm. |
||
| 490 | 1 |
_aMonografías de tuberculosis y enfermedades del aparato respiratorio ; _v5 |
|
| 650 | 0 | 7 |
_aTuberculosis _2embne _917658 |
| 830 | 0 |
_aMonografías de tuberculosis y enfermedades del aparato respiratorio ; _v5 _9192463 |
|
| 852 |
_aES-MaACL _jE-4691 |
||
| 999 |
_c186038 _d186038 |
||